000 01137nam a2200265 i 4500
001 59491
003 ES-MaACL
005 20230906164037.0
007 t|
008 031029s1962 sp ||||1| spa d
110 2 _aScience Master's Association (London)
_9167996
245 1 0 _aEnseñanza moderna de las ciencias en el grado medio
_b: edición española de Secondary modern science teaching /
_c(publicado por la Asociación de Profesores de Ciencias de Inglaterra) ; versión Cándida Uriel.
260 _aMadrid :
_bDirección General de Enseñanza Media,
_c[1962]
300 _a1 v. :
_bil. ;
_c21 cm.
490 1 _aEdiciones de la Revista Enseñanza Media ;
_v260
500 _aPrecede al tít.: Ministerio de Educación Nacional.
500 _aEs el T. I.
500 _aEd. española del Secondary Modern Science Teaching.
650 4 _aCiencias-
_xEnseñanza.
_9167997
700 1 _aUriel, Cándida.
_9112173
710 1 _aEspaña.
_bMinisterio de Educación Nacional.
_93859
830 0 _aEdiciones de la Revista Enseñanza Media ;
_v260
_9230513
852 _aES-MaACL
_jP-732-bis
_bR.51449
999 _c59491
_d59491